Statistiques concernant Quiz sur Saint-Marin

Cliquez ici pour prendre le quiz!

Statistiques générales

  • Ce quiz a été pris 3 945 fois
  • Le résultat moyen est 7 sur 16

Statistiques - réponses

QuestionRéponse% Correct
Capitale nationaleSaint-Marin
96%
Pays qui entoure complètement Saint-MarinItalie
95%
Devise monétaireEuro
85%
Pays qui a brièvement occupé Saint-Marin en 1944Allemagne
77%
La vente de ____ aux passionnés de philatélie représente 10% du PIB de Saint-MarinTimbres
64%
En 1994, le Grand Prix automobile de Saint-Marin a causé la mort de deux pilotes :
l'autrichien Roland Ratzenberger ainsi que ce célèbre champion brésilien
Ayrton Senna
50%
En 1945, ce parti a été élu démocratiquement à Saint-Marin, une première mondialeCommuniste
44%
La sélection nationale de football de Saint-Marin a enregistré 1 victoire, 6 matchs nuls,
et 163 défaites. Quel est le seul pays que Saint-Marin ait jamais battu dans ce sport ?
Liechtenstein
38%
Saint-Marin prétend être le plus ____ pays d'EuropeVieux
38%
Tous les 6 mois, le Parlement de Saint-Marin élit deux capitaines-régents qui dirigent
le pays. Quel titre avait à peu près le même fonctionnement dans la Rome Antique ?
Consul
31%
Chaîne de montagnes dans laquelle Saint-Marin se situeApennins
23%
Saint-Marin est le seul pays du monde qui a plus de _______ que d'habitantsVéhicules
22%
Les armoiries nationales comportent trois ____ : celles de Guaita, de Cesta et de MontaleTours
19%
Saint-Marin est divisé en 9 communes qui portent le nom de...C{astelli}
13%
Point culminant, situé à 739 mètres au-dessus du niveau de la merMont {Titano}
10%
La plus peuplée d'entre elles, avec 10 000 habitants environSerravalle
9%

Distribution des résultats

Percentile par nombre de réponses

% des personnes avec chaque résultat

Votre développement - résultats

Vous n’avez pas pris ce quiz